Κατάλογος Βιβλιοθηκών Mediterranean College

Τέλειον Αγγλοελληνικόν Λεξικόν / Λεξικόν Εμποροτεχνικών Όρων (Record no. 5696)

MARC details
000 -LEADER
fixed length control field 01363cam a22001934a 4500
005 - ΗΜΕΡΟΜΗΝΙΑ ΚΑΙ ΩΡΑ ΤΕΛΕΥΤΑΙΑΣ ΕΝΗΜΕΡΩΣΗΣ
Πεδίο ελέγχου 20250605164219.0
008 - FIXED-LENGTH DATA ELEMENTS--GENERAL INFORMATION
Πεδίο ελέγχου σταθερού μήκους 250528s ||||||||||||||||||||||||d
035 ## - SYSTEM CONTROL NUMBER
System control number 20605
040 ## - ΠΗΓΗ ΚΑΤΑΛΟΓΟΓΡΑΦΗΣΗΣ
Φορέας πρωτότυπης καταλογογράφησης MC Athens Campus Library
Γλώσσα καταλογογράφησης Ελληνικά, Μοντέρνα (1453-)
Modifying agency MC Athens Campus Library
Κανόνες περιγραφικής καταλογογράφησης AACR2
245 1# - ΤΙΤΛΟΣ ΚΑΙ ΔΗΛΩΣΗ ΥΠΕΥΘΥΝΟΤΗΤΑΣ
Τίτλος Τέλειον Αγγλοελληνικόν Λεξικόν / Λεξικόν Εμποροτεχνικών Όρων
260 ## - PUBLICATION, DISTRIBUTION, ETC.
Name of publisher, distributor, etc. Διαγορας,
Date of publication, distribution, etc. 1961
300 ## - PHYSICAL DESCRIPTION
Extent 1106
520 ## - SUMMARY, ETC.
Summary, etc. Πρόλογος και Επεξηγήσεις, Γραμματική της Αγγλικής Γλώσσης, Επεξήγησις Συντετμημένων Λέξεων, Αγγλοελληνικόν Λεξικόν, Γεωγραφικά Ονόματα, Ιστορικά και Μυθολογικά Κύρια Ονόματα, Ξέναι Λέξεις και Φράσεις, Πίναξ Συγκοπών της Αγγλικής Γλώσσης, Συντομογραφίαι της Αγγλικής Γλώσσης, Πίναξ Λέξεων και Φράσεων με Προθέσεις, Ιδιωματικαί Εκφράσεις, Παράγωγοι και Σύνθετοι Λέξεις, Επιστολογραφία, Πλήρες Λεξικόν Εμποροτεχνικών Όρων, Αγγλικά Μέτρα και Σταθμά.
700 1# - ΠΡΟΣΘΕΤΗ ΑΝΑΓΡΑΦΗ--ΦΥΣΙΚΟ ΠΡΟΣΩΠΟ
Personal name Mandeson Arnold
9 (RLIN) 6567
942 ## - ADDED ENTRY ELEMENTS (KOHA)
Koha item type Books
Holdings
Τύπος τεκμηρίου Βιβλιοθήκη Τρέχουσα τοποθεσία Barcode Αριθμός εισαγωγής Ημερομηνία απόκτησης Ταξιθετικό σύμβολο Αριθμός αντιτύπου Κατάσταση απόσυρσης Κατάσταση χαμένου Κατάσταση κατεστραμμένου Μη δανεισμός Σύνολο δανεισμών Ημερομηνία τελευταίας εμφάνισης Η τιμή ισχύει από
Books MC Athens Campus Library MC Athens Campus Library 9780000056955 7131 05/06/2025 REF 423.89 MAN 2           05/06/2025 05/06/2025

MC Athens Campus Library
Πατησίων 94 & Κοδριγκτώνος 13, 104 34
Πελλήνης 8 & Πατησίων 107, 112 51
Τ: +30 210 8899600

MC Thessaloniki Campus Library
Ίωνος Δραγούμη 21, 54625 | Ίωνος Δραγούμη 15, 54625
Τ: +30 2310 287779 – Τ: +30 2314 440300